<?xml version="1.0" encoding="UTF-8"?>
<collection xmlns:xsi="http://www.w3.org/2001/XMLSchema-instance" xsi:schemaLocation="http://www.loc.gov/MARC21/slim http://www.loc.gov/standards/marcxml/schema/MARC21slim.xsd" xmlns="http://www.loc.gov/MARC21/slim">
 <record>
  <leader>00000cam a22000004a 4500</leader>
  <controlfield tag="001">UP-99796217610616022</controlfield>
  <controlfield tag="003">Buklod</controlfield>
  <controlfield tag="005">20130221090413.0</controlfield>
  <controlfield tag="006">a     r    |||| u|</controlfield>
  <controlfield tag="007">ta</controlfield>
  <controlfield tag="008">081029s2009    enkac   rb   |011 0|eng d</controlfield>
  <datafield tag="020" ind1=" " ind2=" ">
   <subfield code="a">9780521887854 (hardback)</subfield>
  </datafield>
  <datafield tag="020" ind1=" " ind2=" ">
   <subfield code="a">0521887852 (hardback)</subfield>
  </datafield>
  <datafield tag="035" ind1=" " ind2=" ">
   <subfield code="a">(iLib)UPD-00194805850</subfield>
  </datafield>
  <datafield tag="037" ind1=" " ind2=" ">
   <subfield code="a">CAL-9975</subfield>
   <subfield code="b">EDCA</subfield>
   <subfield code="c">Php5,251.00</subfield>
   <subfield code="n">Department of English and Comparative Literature</subfield>
   <subfield code="n">Prof. Adelaida F. Lucero</subfield>
  </datafield>
  <datafield tag="040" ind1=" " ind2=" ">
   <subfield code="a">DLC</subfield>
   <subfield code="d">DCAL</subfield>
  </datafield>
  <datafield tag="041" ind1=" " ind2=" ">
   <subfield code="a">eng</subfield>
  </datafield>
  <datafield tag="090" ind1=" " ind2=" ">
   <subfield code="a">PA 4417</subfield>
   <subfield code="b">S67 2009</subfield>
  </datafield>
  <datafield tag="245" ind1="0" ind2="0">
   <subfield code="a">Sophocles and the Greek tragic tradition</subfield>
   <subfield code="c">edited by Simon Goldhill and Edith Hall.</subfield>
  </datafield>
  <datafield tag="264" ind1=" " ind2="1">
   <subfield code="a">Cambridge, UK</subfield>
   <subfield code="a">New York</subfield>
   <subfield code="b">Cambridge University Press</subfield>
   <subfield code="c">2009.</subfield>
  </datafield>
  <datafield tag="300" ind1=" " ind2=" ">
   <subfield code="a">xvi, 336 p.</subfield>
   <subfield code="b">ill., port.</subfield>
   <subfield code="c">24 cm.</subfield>
  </datafield>
  <datafield tag="504" ind1=" " ind2=" ">
   <subfield code="a">Includes bibliographical references (p. 289-316) and index.</subfield>
  </datafield>
  <datafield tag="505" ind1="0" ind2=" ">
   <subfield code="a">Sophocles : the state of play / Simon Goldhill and Edith Hall -- pt. 1. Between audience and actor -- The audience on stage : rhetoric, emotion, and judgement in Sophoclean theatre / Simon Goldhill -- 'The players will tell all' : the dramatist, the actors and the art of acting in Sophocles' Philoctetes / Ismene Lada-Richards -- Deianeira deliberates : precipitate decision-making and trachiniae / Edith Hall -- pt. 2. Oedipus and the play of meaning -- Inconclusive conclusion : the ending(s) of the Oedipus Tyrannus / Peter Burian -- The third stasimon of Oedipus at Colonus / Chris Carey -- The logic of the unexpected : semantic diversion in Sophocles, Yeats (and Virgil) / Michael Silk -- The French Oedipus of the inter-war period / Fiona Macintosh -- pt. 3. Constructing tragic traditions -- Theoretical views of Athenian tragedy in the fifth century BC / Kostas Valakas -- Athens and Delphi in Aeschylus' Oresteia / Angus Bowie -- Feminized males in Bacchae : the importance of discrimination / Richard Buxton -- Hector's helmet glinting in a fourth-century tragedy / Oliver Taplin -- Seeing a Roman tragedy through Greek eyes : Shakespeare's Julius Caesar / Christopher Pelling.</subfield>
  </datafield>
  <datafield tag="600" ind1="1" ind2="0">
   <subfield code="a">Easterling, P. E.</subfield>
  </datafield>
  <datafield tag="600" ind1="1" ind2="0">
   <subfield code="a">Sophocles</subfield>
   <subfield code="x">Criticism and interpretation.</subfield>
  </datafield>
  <datafield tag="650" ind1=" " ind2="0">
   <subfield code="a">Oedipus (Greek mythological figure) in literature.</subfield>
  </datafield>
  <datafield tag="650" ind1=" " ind2="0">
   <subfield code="a">Mythology, Greek, in literature.</subfield>
  </datafield>
  <datafield tag="650" ind1=" " ind2="0">
   <subfield code="a">Tragedy.</subfield>
  </datafield>
  <datafield tag="700" ind1="1" ind2=" ">
   <subfield code="a">Goldhill, Simon.</subfield>
  </datafield>
  <datafield tag="700" ind1="1" ind2=" ">
   <subfield code="a">Hall, Edith</subfield>
   <subfield code="d">1959-.</subfield>
  </datafield>
  <datafield tag="905" ind1=" " ind2=" ">
   <subfield code="a">FO</subfield>
  </datafield>
  <datafield tag="950" ind1=" " ind2=" ">
   <subfield code="a">Monograph</subfield>
  </datafield>
  <datafield tag="852" ind1="0" ind2=" ">
   <subfield code="a">UPD</subfield>
   <subfield code="b">DCAL</subfield>
   <subfield code="h">PA 4417</subfield>
   <subfield code="i">S67 2009</subfield>
  </datafield>
  <datafield tag="942" ind1=" " ind2=" ">
   <subfield code="a">Book</subfield>
  </datafield>
 </record>
</collection>
